|
|
|
|
| LEADER |
00954nam a2200313 4500 |
| 001 |
DLU090069221 |
| 005 |
##20090511 |
| 040 |
# |
# |
|a DLU
|b eng
|
| 041 |
# |
# |
|a eng
|
| 044 |
# |
# |
|a UK
|
| 100 |
# |
# |
|a Tol, Richard S. J.
|
| 245 |
# |
# |
|a Infectious disease, development, and climate change : A scenario analysis /
|c Richard S. J. Tol, Kristie L. Ebi, Gary W.Yohe.
|
| 653 |
# |
# |
|a Climate change
|
| 653 |
# |
# |
|a Development
|
| 653 |
# |
# |
|a Infectious diseases
|
| 653 |
# |
# |
|a Malaria
|
| 653 |
# |
# |
|a Sub-Saharan Africa
|
| 700 |
# |
# |
|a Ebi, Kristie L.
|
| 700 |
# |
# |
|a Yohe, Gary W.
|
| 773 |
# |
# |
|t Environment and Development Economics
|g Vol. 12, no. 5 (October 2007), p. 687-706
|
| 920 |
# |
# |
|a Phòng Tạp chí -- Trung tâm Thông tin - Thư viện Trường Đại học Đà Lạt
|
| 994 |
# |
# |
|a DLU
|
| 900 |
# |
# |
|a True
|
| 911 |
# |
# |
|a Trương Bảo Trâm Anh
|
| 925 |
# |
# |
|a G
|
| 926 |
# |
# |
|a A
|
| 927 |
# |
# |
|a BB
|
| 980 |
# |
# |
|a Thư viện Trường Đại học Đà Lạt
|